Fundamentals of gas dynamics (Record no. 5053)

000 -LEADER
fixed length control field 00573nam a2200205 4500
001 - CONTROL NUMBER
control field 5053
003 - CONTROL NUMBER IDENTIFIER
control field BD-DhUET
008 - FIXED-LENGTH DATA ELEMENTS--GENERAL INFORMATION
fixed length control field 750724s1964 paua b 000 0 eng
040 ## - CATALOGING SOURCE
Original cataloging agency DLC
Transcribing agency FQG
Modifying agency BD-DhUET
082 ## - DEWEY DECIMAL CLASSIFICATION NUMBER
Classification number 533
Item number OWC/1964
100 1# - MAIN ENTRY--PERSONAL NAME
Personal name Owczarek, Jerzy A.
245 10 - TITLE STATEMENT
Title Fundamentals of gas dynamics
250 ## - EDITION STATEMENT
Edition statement 1st ed.
260 ## - PUBLICATION, DISTRIBUTION, ETC. (IMPRINT)
Place of publication, distribution, etc. Scranton
Name of publisher, distributor, etc. International Textbook Company
Date of publication, distribution, etc. 1964
300 ## - PHYSICAL DESCRIPTION
Extent xxii, 648 p.
Other physical details ill.
Dimensions 24 cm.
490 1# - SERIES STATEMENT
Series statement International textbooks in mechanical engineering
504 ## - BIBLIOGRAPHY, ETC. NOTE
Bibliography, etc Includes bibliographies
650 #0 - SUBJECT ADDED ENTRY--TOPICAL TERM
Topical term or geographic name as entry element Gas dynamics
942 ## - ADDED ENTRY ELEMENTS (KOHA)
Koha item type General Book
Holdings
Location (home branch) Price effective from Koha date last borrowed Koha item type Damaged status Copy number Koha normalized classification for sorting Koha full call number Sublocation or collection (holding branch) Withdrawn status Source of classification or shelving scheme Piece designation (barcode) Koha date last seen Lost status Date acquired Not for loan Koha issues (times borrowed) Shelving location
Central Library, BUET2014-11-24 General Book 1533_000000000000000_OWC_1964533/OWC/1964Central Library, BUET  792962014-11-24 2014-11-24  Circulation section
Central Library, BUET2015-03-092018-11-14General Book 2533_000000000000000_OWC_1964533/OWC/1964Central Library, BUET  190172018-11-19 2015-03-09 1Circulation section